| 000 | 01183cam a2200157 4500500 | ||
|---|---|---|---|
| 005 | 20260329043127.0 | ||
| 041 | _afre | ||
| 042 | _adc | ||
| 100 | 1 | 0 |
_aOgawa, Junko _eauthor |
| 700 | 1 | 0 |
_aEnokida, Fumitsugu _eauthor |
| 700 | 1 | 0 |
_aHirai, Takehiro _eauthor |
| 245 | 0 | 0 | _aKitsune : Grand manuel de japonais |
| 260 |
_bArmand Colin,
_c2024. |
||
| 520 | _aCe manuel de japonais conçu pour débutants fournit un cours étape par étape pour apprendre le japonais tel qu’il est écrit et parlé aujourd’hui. Exercices de compréhension écrite et orale corrigés, dialogues avec situations narratives variées, listes de vocabulaire, points de grammaire, pistes audio, feuilles d’entraînement pour maîtriser les hiraganas, les katakanas et les kanjis… Il enseigne les compétences essentielles pour s’exprimer dans un large éventail de situations concrètes, jusqu’à la maîtrise du niveau B1 du Cadre européen des langues. La méthode est agrémentée de points culturels sur les coutumes et les caractéristiques de la vie au Japon. | ||
| 856 | 4 | 1 | _uhttps://shs.cairn.info/kitsune-grand-manuel-de-japonais--9782200637996?lang=fr&redirect-ssocas=7080 |
| 999 |
_c1983209 _d1983209 |
||